000 00292nam a2200121Ia 4500
008 191201s2012 xx 000 0 und d
100 _aPANDEY, I M
245 0 _aFinancial Management
250 _aRep
260 _c2012
_bVikas Publication House
_aNEW DELHI
300 _a879
942 _2ddc
_cBK
999 _c7827
_d7827